The handbook of country and political risk analysis.

Bibliographic Details
Format: Book
Published: London: Political Risk Services, 1994.
Subjects:
LEADER 00464cam a2200157 7i4500
001 0000005627
005 19991025090000.0
002 ##000007266
020 0 0 |a 1-85271-302-X  
090 0 0 |a I 338.544 3   |b HAN 
245 0 4 |a The handbook of country and political risk analysis. 
260 0 0 |a London:   |b Political Risk Services,   |c 1994. 
300 0 0 |a 370 p.. 
650 0 0 |a Country risk  
650 0 0 |a Political risk analysis  
999 |a 0000008616  |b Book  |c Open shelf  |e Business Information Centre